| 000 | 00741nam a2200217 a 4500 | ||
|---|---|---|---|
| 005 | 20231021063618.0 | ||
| 008 | 020220s19911997mx r 000 0 spa d | ||
| 020 | _a9688533203 | ||
| 035 | _aUPN01000116348 | ||
| 049 | _aCG | ||
| 050 | 4 |
_aLB1049 _bS4.28a |
|
| 100 | 1 | _aSerafini, María Teresa | |
| 245 | 1 | 0 |
_aCómo se estudia : _bla organización del trabajo intelectual / _cMa. Teresa Serafini ; tr. Susana Spiegler, Edit Binaghi. |
| 260 |
_aMéxico : _bPaidós Mexicana, _c1991 (1997 impr.). |
||
| 300 |
_a323 p. : _bil. |
||
| 440 | 0 |
_aInstrumentos Paidós ; _v8 |
|
| 590 | _a(También localizas un ejemplar en el "Area de Reserva") | ||
| 590 | _aBibliografía Básica (BGTQ) | ||
| 650 | 4 |
_aMétodos de estudio _94280 |
|
| 905 | _aLibro | ||
| 999 |
_c89099 _d89099 |
||